00533nam a22000977a 4500040000700000082000800007100003300015245023100048260014900279300000700428 cHS a577 aដិប ស៊ីណាត aជីវៈអាកាសធាតុ Bioclimatologie អំពើរបស់អាកាសធាតុនៅលើការលូតលាស់ និង ការរីកចំរើននៃរុក្ខជាតិ aវិទ្យាស្ថានបច្ចេកទេសកសិកម្ម ចំការដូងb ដិប ស៊ីណាតc1994 aNA